00296nam a2200097Ia 4500008004100000020002500041245007600066260001700142260001000159300002900169191206s9999 xx 000 0 und d a9781779220691 (Weave 0aManning the nation: father figures in Zimbabwean literature and society aWeaver Press cc2007 a"xxiii, 200 p. ; 20 cm."